00826pam a2200241 a 45000010008000000030006000080050017000140080041000310100017000720200015000890200022001040400018001260500017001440820022001611000055001832450049002382600053002873000036003405000044003765000054004205040075004746300035005494907852GBCCL20241126110501.0940909r19951978miu b 001 0 eng  a 94037812  a0825437733 a082543775X (pbk.) aDLCcDLCdDLC00aBS1422b199500a223.2077220bSCR1 aScroggie, W. Grahamq(William Graham),d1877-1958.12aA guide to the Psalms /cW. Graham Scroggie. aGrand Rapids, MI :bKregel Publications,cc1995. a288, 301, 302, 327 p. ;c22 cm. aPreviously published: F.H Revell, 1978. aOn cover: A comprehensive analysis of the Psalms. aIncludes bibliographical references (p. 43-44, 1st group) and indexes.00aBible.pPsalmsxIntroductions.